| 000 | 00454nam a2200157 a 4500 | ||
|---|---|---|---|
| 001 | 1413 | ||
| 003 | CDMR | ||
| 005 | 20130502192429.0 | ||
| 008 | 130130s ||||||||||||||||||||||||||||d | ||
| 040 |
_aCDMR _bcat _cCDMR |
||
| 100 | 1 |
_aJori Armengol, Carmina _91077 |
|
| 245 | 1 | 0 |
_aHacia un estudio del lenguaje y estructura de un "cómic"-- _cCarmina Jori Armengol |
| 260 |
_aBarcelona _c1973 |
||
| 650 | 0 | 4 |
_93313 _aCòmics _xHistòria i crítica |
| 942 |
_cTSN _2udc |
||
| 999 |
_c1413 _d1413 |
||